| 000 | 00356nam a22001457a 4500 | ||
|---|---|---|---|
| 020 | _qPB. | ||
| 040 | _cFizza Ishaq | ||
| 082 |
_a006.312 _bLUI |
||
| 100 |
_aTorgo, Luis. _9111770 |
||
| 245 |
_aData Mining With R: Learning With Case Studies / _cLuis Torgo. |
||
| 250 | _a2nd ed. | ||
| 260 |
_bCRC Press, _c2017. |
||
| 300 | _a405 p. ; | ||
| 942 |
_2ddc _cBK |
||
| 999 |
_c594446 _d594446 |
||